| 000 | 02114nam a2200301 4500 | ||
|---|---|---|---|
| 003 | EC-UNACH | ||
| 005 | 20251114125748.0 | ||
| 006 | s||||gr|||| 00| 00 | ||
| 008 | 150116t9999 mx r gr 000 0 spa d | ||
| 020 | _a978-958-8675-89-3 | ||
| 040 |
_aEC-UNACH _cEC-UNACH |
||
| 041 | _aspa | ||
| 082 | 0 | 4 |
_223 _a532 _bL018315 |
| 110 | _aEdiciones U | ||
| 245 | _aHidráulica Generación de energía | ||
| 250 | _aPrimera edición | ||
| 264 |
_aColombia _bEdiciones U _c2011 |
||
| 300 | _a196 | ||
| 505 | _aIntroducción. Parte 1. Hidrostática. 1.1. Líquidos en reposo 1.2. Propiedades de la presión hidrostática 1.3. Presión de los líquidos sobre superficies. 1.4. Flotación de los cuerpos. Parte 2. Hidrodinámica 2.1. Líquidos en movimiento 2.1.1. Características cinemáticas del movimiento de una partícula en un líquido . 2.1.2. Formas del movimiento de un líquido 2.1.3. Definición de caudal. 2.1.4. Ecuación de continuidad 2.1.5. Parámetros hidráulicos del flujo. 2.2. Ecuación de Bernoulli 2.2.1. Ecuación de Bernoulli para una vena de un líquido ideal 2.2.2. Ecuación de Bernoulli para una vena elemental de un líquido real 2.2.3. Aplicaciones de la ecuación de Bernouilli . 2.3. Resistencia hidráulica y pérdidas de altura de presión. 2.3.1. Flujo laminar y turbulento.2.3.2. Número de Reynolds. 2.3.3. Ecuación general de las pérdidas primarias (Ecuación de Darcy – Weisbach) . 2.3.4. Ecuación general de las pérdidas secundarias ∆hacc . 2.3.5. Pérdidas hidráulicas en un ducto. 2.4. Movimiento de un fluido en una tubería de presión .2.4.1. Diámetro de una tubería de presión.2.4.2. Golpe de ariete . 2.5. Movimiento de un fluido en cauces abiertos de corriente uniforme (fórmula de Chezy) 2.6. Vertederos.124 2.7. Parámetros de las Turbinas. | ||
| 650 | _aLIQUIDOS EN REPOSO | ||
| 650 | _aFORMAS DE MOVIMIENTO DE UN LIQUIDO | ||
| 650 | _aFLUJO LAMINAR Y TUBURLENTO | ||
| 700 | _aRamiro Ortiz Flóres | ||
| 942 |
_2ddc _c1 |
||
| 999 | _c14182 | ||